000 00444nam a22001457a 4500
020 _qPB.
040 _cFIZZA ISHAQ
082 _a342.730
_bABR
100 _a Abraham , Henry J.
_9134020
245 _aFreedom and the court : civil rights and liberties in the United States /
_cHenry J. Abraham.
250 _a5th ED.
260 _aNew York:
_bOxford : Oxford University Press ,
_c1967.
300 _a xii, 488 p. ;
_c 24 cm.
942 _2ddc
_cBK
999 _c616943
_d616943